Dlhý boj o severoatlantické nebo

EÚ už vyše desaťročia lobuje v USA za to, aby európski občania mohli vlastniť tamojšie aerolínie. Americká administratíva o tom nechce zatiaľ ani počuť. Bližšia analýza odhaľuje polstoročné pozadie celého problému a dovedie tam, kde sa končia stopy všetkých zaujímavých rozhodnutí - na ministerstvo o...

ver descrição completa

Na minha lista:
Detalhes bibliográficos
Autor principal: Grančay, Martin, 1984-2024
Formato: Capítulo de Livro
Idioma:eslovaco
Assuntos:
Tags: Adicionar Tag
Sem tags, seja o primeiro a adicionar uma tag!

MARC

LEADER 00000naa$a2200000$$$4500
001 0111916
005 20240502072236.5
041 0 |a slo 
044 |a SK 
245 1 0 |a Dlhý boj o severoatlantické nebo  |c Martin Grančay 
520 |a EÚ už vyše desaťročia lobuje v USA za to, aby európski občania mohli vlastniť tamojšie aerolínie. Americká administratíva o tom nechce zatiaľ ani počuť. Bližšia analýza odhaľuje polstoročné pozadie celého problému a dovedie tam, kde sa končia stopy všetkých zaujímavých rozhodnutí - na ministerstvo obrany. 
610 2 0 |a doprava letecká 
610 2 0 |a doprava letecká medzinárodná 
610 2 0 |a letiská 
610 2 0 |a lietadlá 
610 2 0 |a vlastníctvo 
610 2 0 |a USA 
100 1 |a Grančay, Martin, 1984-2024